• 首页
  • 本馆介绍
  • 公告通知
  • 最新文献
  • 馆藏检索
  • 电子资源
  • 读者导购
  • 参考咨询
  • 我的图书馆
  • 登录
  • 详细信息显示
  • 放入我的书架
  • 预约/预借图书
  • 作者相关作品
  • 分类相关作品
  • 丛书相关作品
  • 出版社相关作品

书目信息

  • 表格格式
  • 工作单格式
  • 卡片格式
题名:
伪随机序列及其应用
    
 
作者: 肖国震 , 梁传甲 , 王育升 编著
分册:  
出版信息: 北京   国防工业出版社  1985
页数: 393页
开本: 20cm
丛书名:
单 册:
中图分类: O157.4 , TP14
科图分类:
主题词: 伪随机码 , 自动信息理论
电子资源:
ISBN:
000 00781nam0 2200289 45
001 0185009569
005 20040521110738.0
010    @dCNY2.40
091    @a15034.2727
100    @a19900904d1985 em y0chiy0121 ea
101 0  @achi
102    @aCN@b110000
105    @ay z 000yy
106    @ar
200 10 @a伪随机序列及其应用@Awei sui ji xu lie ji qi ying yong@f肖国震等编著
210    @a北京@c国防工业出版社@d1985
215    @a393页@d20cm
606    @a伪随机码
606 0  @a自动信息理论
690    @aO157.4@v3
690    @aTP14@v3
701  0 @a肖国震@Axiao guo zhen@4编著
701  0 @a梁传甲@Aliang chuan jia@4编著
701  0 @a王育升@Awang yu sheng@4编著
801  0 @aCN@b深圳图书馆@c20040519
801  2 @aCN@bNLC@c20040519
905    @dTP14@e30@f1@b137805
    
    伪随机序列及其应用/肖国震等编著.-北京:国防工业出版社,1985
    393页;20cm
    
    
    ISBN :CNY2.40
    
●
相关链接 在E读中查询图书 在五车中查询图书 在当当中查询图书 在豆瓣中查询图书


正题名:伪随机序列及其应用     索取号:TP14/30         预约/预借

序号 登录号 条形码 馆藏地/架位号 状态 备注
1 0137084   001328101   第三借阅区/ [索取号:TP14/30] 在馆    
2 0137086   001328147   第二样本阅览室/ [索取号:TP14/30] 在馆    
3 0137805   001362028   第三借阅区/ [索取号:TP14/30] 在馆    
唐山师范学院图书馆 欢迎您!
大连网信软件有限公司© 版权所有